000 00474nam a2200193 a 4500
001 553
003 CO-ViMGA
008 141112s2004 ck r 000 u spa d
040 _aCO-ViMGA
_bspa
_cCO-ViMGA
082 0 4 _a833.914 P377p
100 1 _aPestum, Jo
_911373
245 1 0 _aEl pirata en el tejado
250 _a5a
260 _aMadrid :
_bS.M,
_c1995
300 _a119 p : il
490 _aEl barco de vapor, 70
650 1 4 _aCUENTOS ALEMANES
_92999
942 _2ddc
_cBK
999 _c12794
_d12794